Vývoj štátnej ochrany prírody na Slovensku v rokoch 1918-1938

Vznik prvej štátnej inštitúcie na ochranu prírody na Slovensku (Vládny komisariát 1919-1922). Štátny referát o ochrane prírody (1922-1939). Príprava prírodných rezervácií na Slovensku.

Saved in:
Bibliographic Details
Main Author: Stockmann, Viliam
Format: Book Chapter
Language:Slovak
Subjects:
Tags: Add Tag
No Tags, Be the first to tag this record!

MARC

LEADER 00000naa a2200000 4500
001 0227135
005 20221019173037.9
041 0 |a slo 
044 |a SK 
245 1 0 |a Vývoj štátnej ochrany prírody na Slovensku v rokoch 1918-1938  |c Viliam Stockmann 
520 |a Vznik prvej štátnej inštitúcie na ochranu prírody na Slovensku (Vládny komisariát 1919-1922). Štátny referát o ochrane prírody (1922-1939). Príprava prírodných rezervácií na Slovensku. 
610 2 0 |a ochrana prírody 
610 2 0 |a štát 
610 2 0 |a história 
610 2 0 |a Slovensko 
100 1 |a Stockmann, Viliam